Statistiken für Das Fußballquiz

Klicken Sie hier um das Quiz zu spielen!

Allgemein

  • Dieses Quiz wurde 419 mal gespielt
  • Das Durchschnittsergebnis liegt bei 3 aus 7

Antwortstatistiken

HintAntwort% Korrekt
Meiste Ballon Dor'sLionel Messi
100%
Meiste ToreCristiano Ronaldo
96%
Meiste Tore Nationalteam FrankreichThierry Henry
70%
Liverpool Spieler ungeschlagen zuhauseVirgil Van Dijk
28%
Rekordspieler ÖsterreichMarko Arnautovic
27%
Was ist das "Wiener Derby"?Austria Wien vs. Rapid Wien
3%
Was ist bekannt als das "Grazer Derby"?Sturm Graz vs. GAK
1%

Verteilung der Resultate

Perzentil nach korrekt beantworteten Fragen

Anzahl Personen mit jedem Resultat

Ihre Resultats-Entwicklung

Sie haben dieses Quiz noch nicht gespielt